Informačná bezpečnosť v malej firme bakalárska práca

Guardado en:
Detalles Bibliográficos
Autor principal: Müllerová, Iveta
Autor Corporativo: Fakulta hospodárskej informatiky EU. Katedra aplikovanej informatiky
Otros Autores: Trochanová, Hana
Formato: Libro
Lenguaje:eslovaco
Publicado: Bratislava 2009
Etiquetas: Agregar Etiqueta
Sin Etiquetas, Sea el primero en etiquetar este registro!

MARC

LEADER 00000nam$a2200000$$$4500
001 0103809
005 20240319122936.1
041 0 |a slo 
044 |a SK 
245 1 0 |a Informačná bezpečnosť v malej firme  |b bakalárska práca  |c Iveta Müllerová ; škol. Hana Trochanová 
264 1 |a Bratislava  |c 2009 
300 |a 41 s. 
100 1 |a Müllerová, Iveta 
700 1 |a Trochanová, Hana 
710 2 |a Fakulta hospodárskej informatiky EU. Katedra aplikovanej informatiky